| 000 | 00614nam a22002057a 4500 | ||
|---|---|---|---|
| 003 | OSt | ||
| 005 | 20210423055003.0 | ||
| 008 | 210224s1980 ||||| |||| 00| 0 eng d | ||
| 040 |
_aeng _beng _cDLC |
||
| 041 | _aeng | ||
| 080 |
_a94 _bR-20 |
||
| 100 |
_91089 _aRandall, Rider. Jo |
||
| 245 |
_aWashington Georgia _b: After 200 Years _c/ by: Wilkes Publishing Company Inc |
||
| 260 |
_aWashington, Georgia _bWilkes Publishing Company Inc _c1980 |
||
| 300 |
_a228 p. _bill. |
||
| 650 | 0 |
_9252 _aHistory |
|
| 653 | _aისტორია | ||
| 700 |
_91090 _aNewsome, (Sparky) S., P. Jr _ePhotography |
||
| 942 |
_2udc _cBK |
||
| 999 |
_c1681 _d1681 |
||